000 00297nam a22001337a 4500
008 170126b xxu||||| |||| 00| 0 eng d
020 _a9781437705706
041 _aeng
080 _29TH
_a61
100 _a3
101 _aMED
245 _aTHE LANGUAGE OF MEDICINE
_cCHABNER, D.E
942 _2udc
_cBK
999 _c3785
_d3785